00379nam a2200085Ia 4500008004100000245007600041260000900117300014900126650001800275180130s9999 xx 000 0 und d cFitton, Victoria A.aAttachment theory: history, research, and practice c2013 aBook title: Child and adolescent psychotherapy and psychoanalysis : one hundred years after 'Little Hans'--Acession number C17211; pages 121-143 aPSYCHOTHERAPY